National accounts statistics (Record no. 51898)
[ view plain ]
| 000 -LEADER | |
|---|---|
| fixed length control field | 00716nam a2200181 a 4500 |
| 008 - FIXED-LENGTH DATA ELEMENTS--GENERAL INFORMATION | |
| fixed length control field | 120416s2011 ||||||||||||||||| || u |
| 020 ## - INTERNATIONAL STANDARD BOOK NUMBER | |
| International Standard Book Number | 9211614880 |
| 050 ## - LIBRARY OF CONGRESS CALL NUMBER | |
| Classification number | UN-ESA(058)NAS |
| 110 ## - MAIN ENTRY--CORPORATE NAME | |
| Corporate name or jurisdiction name as entry element | United Nations Economic and Social Affairs (UNESA) |
| 245 10 - TITLE STATEMENT | |
| Title | National accounts statistics |
| 260 ## - PUBLICATION, DISTRIBUTION, ETC. | |
| Place of publication, distribution, etc. | New York |
| Name of publisher, distributor, etc. | United Nations Economic And Social Affairs (UNESA) |
| Date of publication, distribution, etc. | 14/11/2011 |
| 300 ## - PHYSICAL DESCRIPTION | |
| Extent | 9 |
| 350 ## - PRICE (NR) (BK AM CF MU VM SE) [OBSOLETE] | |
| Price | 0.00 |
| 650 #3 - SUBJECT ADDED ENTRY--TOPICAL TERM | |
| Topical term or geographic name entry element | P0PULATION STATISTICS |
| 650 #0 - SUBJECT ADDED ENTRY--TOPICAL TERM | |
| Topical term or geographic name entry element | ACCOUNTING--HANDBOOKS, MANUALS, ETC |
| 650 ## - SUBJECT ADDED ENTRY--TOPICAL TERM | |
| Topical term or geographic name entry element | NATIONAL INCOME--ACCOUNTING |
| 995 ## - RECOMMENDATION 995 [LOCAL, UNIMARC FRANCE] | |
| -- | 0.00 |
| -- | CBU-MAIN LIBRARY (Kitwe) |
| -- | 1 |
| -- | 0.00 |
| -- | 9 |
| -- | AVAILABLE |
| -- | Nov 14, 2011 |
| -- | Annex Low-Usage Collection |
| Withdrawn status | Lost status | Source of classification or shelving scheme | Damaged status | Not for loan | Home library | Current library | Shelving location | Date acquired | Total Checkouts | Full call number | Barcode | Date last seen | Price effective from | Koha item type |
|---|---|---|---|---|---|---|---|---|---|---|---|---|---|---|
| CBU-MAIN LIBRARY, KITWE. | CBU-MAIN LIBRARY, KITWE. | 11/30/2022 | UN-ESA(058)NAS | 03008270 | 11/30/2022 | 11/30/2022 | MONOGRAPH |